Statistics for Guess the name + surname in a movie title

Click here to take the quiz!

General Stats

  • This quiz has been taken 110 times
    (106 since last reset)
  • The average score is 15 of 35

Answer Stats

Year Description Answer % Correct
2002Dobby the house-elf did warn him{Harry} {Potter} and the Chamber of Secrets
94%
2008Live long, die youngThe Curious Case of {Benjamin} {Button}
91%
2008"The Last Crusade" was not also his last movie{Indiana} {Jones} and the Kingdom of the Crystal Skull
82%
2001It covers all her attempts to stop smoking, lose weight and find her Mr. Right.{Bridget} {Jones}'s Diary
81%
1971Gene Wilder played him way before Johnny Depp{Willy} {Wonka} & the Chocolate Factory
74%
1973Based on Andrew Lloyd Webber's eponymous rock opera{Jesus} {Christ} Superstar
73%
1997The underdog sure knows his mathGood {Will} {Hunting}
73%
1999A door on the Floor 7 1/2 leads to the actor's mindBeing {John} {Malkovich}
67%
1993Mom weighs more than Johnny and Leo combinedWhat's Eating {Gilbert} {Grape}
66%
1986Matthew Broderick likes to talk to the camera{Ferris} {Bueller}'s Day Off
65%
2008It's not so easy to get over her in Hawaii when she's in Hawaii, tooForgetting {Sarah} {Marshall}
62%
1998This time, Brad Pitt doesn't die - he IS deathMeet {Joe} {Black}
56%
2012The president uses silver to beat them{Abraham} {Lincoln}: Vampire Hunter
55%
1983"Every Sperm Is Sacred"{Monty} {Python}'s The Meaning of Life
52%
1962Was it James Stewart's character? Or John Wayne's?The Man Who Shot {Liberty} {Valance}
51%
2004Typical Jim Carrey, with a slightly bigger nose{Lemony} {Snicket}'s A Series of Unfortunate Events
51%
2007Brad Pitt doesn't survive this one eitherThe Assassination of Jesse James by the Coward {Robert} {Ford}
46%
2013Ben Stiller goes to Greenland and Iceland to find Sean PennThe Secret Life of {Walter} {Mitty}
43%
2007Easygoing congressman wants to help Afghans{Charlie} {Wilson}'s War
42%
2009A man loves a man who shares his name with a cigarette companyI Love You {Phillip} {Morris}
38%
1936Paul Muni plays a famous French microbiologistThe Story of {Louis} {Pasteur}
34%
2010A slacker musician must battle his girlfriend's seven evil exes{Scott} {Pilgrim} vs. the World
31%
2004Bill Murray's eccentric boat is accompanied by some cool musicThe Life Aquatic with {Steve} {Zissou}
31%
2000A movie about golf, not as funny as "Happy Gilmore"The Legend of {Bagger} {Vance}
29%
1973"Knockin' on Heaven's Door" is from this movie{Pat} {Garrett} and Billy the Kid
29%
2013Coen brothers' movie about a struggling folk singerInside {Llewyn} {Davis}
28%
1937Paul Muni plays a famous French novelistThe Life of {Emile} {Zola}
24%
2016Unemployed man from Newcastle has a big, but damaged heartI, {Daniel} {Blake}
21%
1974Sam Peckinpah's favourite Sam Peckinpah movieBring Me the Head of {Alfredo} {Garcia}
13%
2005A girl who defied Hitler in Munich dies young{Sophie} {Scholl} - The Final Days
12%
1979West Germany wins the 1954 World Cup, but she is still sadThe Marriage of {Maria} {Braun}
9%
2005Mexican illegal immigrant shoots coyote, then gets killed in TexasThe Three Burials of {Melquiades} {Estrada}
7%
2016Not just another movie about a Finnish boxerThe Happiest Day in the Life of {Olli} {Maki}
6%
1975How tabloids ruined people's lives in West GermanyThe Lost Honour of {Katharina} {Blum}
4%
1975A long arthouse film about a Belgian single mother's daily routines{Jeanne} {Dielman}, 23 quai du Commerce, 1080 Bruxelles
2%

Score Distribution

Percentile by Number Answered

Percent of People with Each Score

Your Score History

You have not taken this quiz since the last reset